Торговое дело: коммерция, маркетинг, менеджмент. Теория и практика. Т. 6 (Запись № 13451880)

Подробности
000 -МАРКЕР
контрольное поле 02140nam2a2200301 4500
001 - ИДЕНТИФИКАТОР ЗАПИСИ
контрольное поле RU\NLR\BIBL_A\022581721
005 - ИДЕНТИФИКАТОР ВЕРСИИ
контрольное поле 20250819171253.0
010 ## - МЕЖДУНАРОДНЫЙ СТАНДАРТНЫЙ НОМЕР КНИГИ (ISBN)
Номер (ISBN) 978-5-394-06281-0
Уточнения т. 6
Тираж 500
021 ## - НОМЕР ГОСУДАРСТВЕННОЙ РЕГИСТРАЦИИ
Код страны российская федерация
Номер КН-П-25-028499
Номер Листа государственной регистраци КН-П-25-2823
035 ## - ДРУГИЕ СИСТЕМНЫЕ НОМЕРА
Идентификатор записи (NLR Aleph) 022581721
100 ## - ДАННЫЕ ОБЩЕЙ ОБРАБОТКИ
Данные общей обработки 20250708d2025 k y0rusy50 ca
101 0# - ЯЗЫК РЕСУРСА
Язык текста, звукозаписи и т.д. русский
102 ## - СТРАНА ПУБЛИКАЦИИ ИЛИ ПРОИЗВОДСТВА
Страна публикации российская федерация
105 ## - ПОЛЕ КОДИРОВАННЫХ ДАННЫХ: ТЕКСТОВЫЕ МАТЕРИАЛЫ, МОНОГРАФИЧЕСКИЕ
Кодированные данные о монографическом текстовом документе a|||z|||000yy
200 0# - ЗАГЛАВИЕ И СВЕДЕНИЯ ОБ ОТВЕТСТВЕННОСТИ
Основное заглавие Т. 6
Первые сведения об ответственности Валигурский Д. И., Александрова Д. В., Бельницкий Д. С. [и др.]
210 ## - ПУБЛИКАЦИЯ, РАСПРОСТРАНЕНИЕ И ДР.
Дата издания, распространения и т.д. 2025
215 ## - ФИЗИЧЕСКАЯ ХАРАКТЕРИСТИКА
Специфическое обозначение материала и объем 495 с.
Другие сведения о физической характеристике ил., табл.
320 ## - ПРИМЕЧАНИЯ О НАЛИЧИИ В ДОКУМЕНТЕ БИБЛИОГРАФИИ / УКАЗАТЕЛЯ
Текст примечания Библиогр. в конце ст.
461 #0 - УРОВЕНЬ НАБОРА
Встроенное поле 001RU\NLR\BIBL_A\011931147
-- 2001#$aТорговое дело: коммерция, маркетинг, менеджмент. Теория и практика$eмонография$f[Валигурский Д.И., д.э.н., проф., Авдокушина М.Н., к.э.н., доц., Арустамов Э.А., д.э.н., проф. и др.$gпод науч. ред. д.э.н., проф. Д.И. Валигурского]$gАвтономная некоммерческая образовательная организация высшего образования Центросоюза Российской Федерации "Российский университет кооперации"$vТ. 6
Системный номер (АБИС) связанной записи 11039549
Место публикации Москва
Дата публикации 2019
Первые сведения об ответственности [Валигурский Д.И., д.э.н., проф., Авдокушина М.Н., к.э.н., доц., Арустамов Э.А., д.э.н., проф. и др.
Имя издателя, распространителя и т.д. Дашков и К°
Сведения, относящиеся к заглавию монография
Заглавие Торговое дело: коммерция, маркетинг, менеджмент. Теория и практика
ISBN 9785394033643
Номер тома Т. 6
701 #1 - ИМЯ ЛИЦА - АЛЬТЕРНАТИВНАЯ ОТВЕТСТВЕННОСТЬ
Графика поля Кириллица
Материалы, к которым относится поле rus
Начальный элемент ввода Александрова
Часть имени, кроме начального элемента ввода Д. В.
Дополнения к именам, кроме дат специалист по торговому делу
Системный номер авторитетной/нормативной записи 2672730
Идентификатор авторитетной/нормативной записи RU\NLR\AUTH\770282975
701 #1 - ИМЯ ЛИЦА - АЛЬТЕРНАТИВНАЯ ОТВЕТСТВЕННОСТЬ
Начальный элемент ввода Бельницкий
Часть имени, кроме начального элемента ввода Д. С.
Расширение инициалов личного имени Данила Станиславович
942 ## - ДОПОЛНИТЕЛЬНЫЕ ЭЛЕМЕНТЫ ЗАПИСИ (АБИС)
Тип экземпляра АБИС Книга
980 ## - КОЛЛЕКЦИЯ
Название коллекции Национальная библиография
980 ## - КОЛЛЕКЦИЯ
Название коллекции Национальная библиография
980 ## - КОЛЛЕКЦИЯ
Название коллекции НБР

Нет доступных экземпляров.